01048nam a2200193Ia 4500008004100000082002100041100002200062245017700084250001000261260004000271300002000311365002700331366000800358505002000366530000900386620010500395630017700500730017700677100315s9999 xx 000 0 und d b3050 a371.42  a"Aggarwal, J.C. " a"EDUCATIONAL VOCATIONAL GUIDANCE AND COUNSELLING: WITH SEPCIAL REFERENCE TO THE NEW PATTERN OF EDUCATION 10+2+3 NATIONAL POLICY ON EDUCATION 1986 AND RAMAMURTI REPORT,1990" a7th  aNew Delhi bDouba House  c1991  a"VIII,414p.  " eRupees d1 b45.00  f0  gTushar Jadhav  b-   a"Neede for Guidelines, Educational Guidance, The History of Guidence Service, Methods of Guidence " a"EDUCATIONAL VOCATIONAL GUIDANCE AND COUNSELLING: WITH SEPCIAL REFERENCE TO THE NEW PATTERN OF EDUCATION 10+2+3 NATIONAL POLICY ON EDUCATION 1986 AND RAMAMURTI REPORT,1990" a"EDUCATIONAL VOCATIONAL GUIDANCE AND COUNSELLING: WITH SEPCIAL REFERENCE TO THE NEW PATTERN OF EDUCATION 10+2+3 NATIONAL POLICY ON EDUCATION 1986 AND RAMAMURTI REPORT,1990"